000 00452nam a2200157 i 4500
001 93636
003 ES-MaACL
005 20230906181259.0
007 t|
008 050415s1970 sp ||||1| spa d
100 1 _aLópez Castillón, Eugenio.
_973499
245 1 0 _a4 análisis de economía frutícola /
_cpor Eugenio López Castillón.
260 _aLérida :
_bDilagro,
_c1970.
300 _a263 p. ;
_c21 cm.
852 _aES-MaACL
_jC-47537
_bR.74864
999 _c93636
_d93636